000 00363nam a2200133Ia 4500
008 210210b2002 xxu||||| |||| 00| 0 eng d
082 _a801.95 RIVL
100 _aRIVKIN (Julie) and RYAN (Michael).
245 _aLiterary theory: an anthology.
260 _aUK
_bBlackwell publishers
_c2002
300 _axxii,1246
690 _aLiterary Theory
906 _a058813
999 _c106006
_d106006